[Event "Israel"]
[Site "Israel"]
[Date "1998.08.29"]
[Round "?"]
[White "Mikhalevski, Victor"]
[Black "Shmuter, Leonid"]
[Result "0-1"]
[WhiteElo "2540"]
[BlackElo "2485"]
[PlyCount "116"]
[EventDate "1998.08.28"]
[EventType "swiss"]
[EventRounds "9"]
[EventCountry "ISR"]
[SourceTitle "CBM 066"]
[Source "ChessBase"]
[SourceDate "1998.09.30"]
[SourceVersion "1"]
[SourceVersionDate "1998.09.30"]
[SourceQuality "1"]

1. d4 d5 2. c4 e6 3. Nf3 Nf6 4. g3 c5 5. cxd5 exd5 6. Bg2 Be7 7. 0-0 Nc6 8. Nc3 0-0 9. b3 Bg4 10. Bb2 Re8 11. dxc5 Bxc5 12. Rc1 Rc8 13. h3 Be6 14. Na4 Bf8 15. Nc5 Qb6 16. Nxe6 fxe6 17. Ng5 h6 18. Bxf6 gxf6 19. Nxe6 Rxe6 20. Bxd5 Rce8 21. e3 Ne5 22. f4 Qxe3+ 23. Kg2 Nf7 24. Qg4+ Kh8 25. Bxe6 Qxe6 26. Qxe6 Rxe6 27. Rc7 Nd6 28. Kf3 Kg8 29. Rd1 Re7 30. Rc5 Re6 31. g4 Kf7 32. Rcd5 Nc8 33. Rd7+ Re7 34. a4 a5 35. Rd8 Na7 36. R1d7 Nc6 37. Rxe7+ Kxe7 38. Rd5 Ke6 39. Ke4 b6 40. f5+ Kf7 41. Rd7+ Ke8 42. Rb7 Bc5 43. Kd5 Nd8 44. Rc7 Bf2 45. Rh7 Nf7 46. Rg7 Kf8 47. Rg6 Bh4 48. Kc6 Ne5+ 49. Kxb6 Nxg6 50. fxg6 Be1 51. h4 Bxh4 52. Kxa5 f5 53. gxf5 Bf2 54. Kb5 h5 55. Kc6 h4 56. f6 h3 57. Kd7 h2 58. Ke6 h1Q 0-1

[Event "ISR-chT"]
[Site "Israel"]
[Date "1997.??.??"]
[Round "5"]
[White "Avrukh, Boris"]
[Black "Shmuter, Leonid"]
[Result "0-1"]
[WhiteElo "2520"]
[BlackElo "2485"]
[PlyCount "108"]
[EventDate "1997.??.??"]
[EventType "team"]
[EventRounds "11"]
[EventCountry "ISR"]
[SourceTitle "CBM 058"]
[Source "ChessBase"]
[SourceDate "1997.06.01"]
[SourceVersion "1"]
[SourceVersionDate "1997.06.01"]
[SourceQuality "1"]

1. d4 d5 2. c4 e6 3. Nc3 c5 4. cxd5 exd5 5. Nf3 Nc6 6. g3 Nf6 7. Bg2 Be7 8. 0-0 0-0 9. Bg5 cxd4 10. Nxd4 h6 11. Be3 Re8 12. Rc1 Bg4 13. h3 Be6 14. Qa4 Ne5 15. Rcd1 a6 16. Bf4 Nc4 17. Qb3 Qb6 18. Na4 Qa7 19. e4 Bd7 20. Nc3 Na5 21. Qc2 dxe4 22. Nxe4 Nxe4 23. Qxe4 Bf6 24. Qd5 b5 25. b4 Nc4 26. Nb3 Rad8 27. Qc5 Qxc5 28. bxc5 Bf5 29. c6 g5 30. Rxd8 Rxd8 31. Be3 Be5 32. Ba7 a5 33. g4 Bc8 34. Nc5 Rd2 35. Re1 f6 36. c7 Kf7 37. Bb8 Nd6 38. Bc6 Rc2 39. Bd5+ Kg7 40. Nd3 Rd2 41. Nxe5 fxe5 42. Ba8 Kf6 43. Ba7 b4 44. Bb6 Nc4 45. Bc5 Rxa2 46. Rc1 b3 47. Rxc4 b2 48. Be4 Ra1+ 49. Kh2 Rc1 50. Ra4 Rxc5 51. Ra3 Be6 52. Rd3 Rxc7 53. Rd6 Ke7 54. Ra6 Rc4 0-1

[Event "ISR-chT"]
[Site "Israel"]
[Date "1997.??.??"]
[Round "2"]
[White "Shmuter, Leonid"]
[Black "Kraidman, Yair"]
[Result "1-0"]
[WhiteElo "2490"]
[BlackElo "2365"]
[PlyCount "83"]
[EventDate "1997.??.??"]
[EventType "team"]
[EventRounds "11"]
[EventCountry "ISR"]
[SourceTitle "CBM 058 Extra"]
[Source "ChessBase"]
[SourceDate "1997.07.29"]
[SourceVersion "1"]
[SourceVersionDate "1997.07.29"]
[SourceQuality "1"]

1. e4 e5 2. Nf3 Nc6 3. Bb5 a6 4. Ba4 Nf6 5. 0-0 Be7 6. Re1 b5 7. Bb3 d6 8. c3 0-0 9. h3 Bb7 10. d4 Re8 11. Nbd2 Bf8 12. Bc2 g6 13. d5 Nb8 14. b3 c6 15. c4 Nbd7 16. Nf1 bxc4 17. bxc4 Nc5 18. Ba3 Qa5 19. Re3 Nfd7 20. Rb1 cxd5 21. cxd5 Bh6 22. Bb4 Qc7 23. Ra3 a5 24. Bd2 Bxd2 25. Qxd2 Ba6 26. Ng3 Reb8 27. Qh6 Rxb1+ 28. Bxb1 Nf8 29. Nh4 f6 30. Ngf5 Bc8 31. Rg3 Rb8 32. Bc2 Rb2 33. Nxg6 hxg6 34. Rxg6+ Nxg6 35. Qxg6+ Kf8 36. Qxf6+ Qf7 37. Qxd6+ Ke8 38. Qxe5+ Kd8 39. Qxb2 Bxf5 40. Qb6+ Ke8 41. Qxc5 Bd7 42. e5 1-0

[Event "Beersheba"]
[Site "Beersheba"]
[Date "1996.??.??"]
[Round "7"]
[White "Finkel, Alexander"]
[Black "Shmuter, Leonid"]
[Result "1/2-1/2"]
[WhiteElo "2500"]
[BlackElo "2490"]
[PlyCount "83"]
[EventDate "1996.03.??"]
[EventType "tourn"]
[EventRounds "11"]
[EventCountry "ISR"]
[EventCategory "10"]
[SourceTitle "CBM 053"]
[Source "ChessBase"]
[SourceDate "1996.08.01"]
[SourceVersion "1"]
[SourceVersionDate "1996.08.01"]
[SourceQuality "1"]

1. e4 c5 2. c3 Nf6 3. e5 Nd5 4. Nf3 Nc6 5. Bc4 e6 6. d4 cxd4 7. cxd4 d6 8. Qe2 Be7 9. 0-0 0-0 10. Qe4 b6 11. Bd3 g6 12. Bh6 Re8 13. a3 Bb7 14. Nbd2 dxe5 15. dxe5 Na5 16. Qe2 Bf8 17. Bg5 Be7 18. Bh6 Bf8 19. Bg5 Be7 20. Ne4 Nb3 21. Rad1 Nd4 22. Nxd4 Bxg5 23. g3 Qe7 24. Nb5 Red8 25. Nbd6 Bh6 26. Nxb7 Qxb7 27. Nd6 Qc6 28. Be4 Bf8 29. Qf3 Bxd6 30. Rxd5 exd5 31. Bxd5 Qd7 32. e6 fxe6 33. Bxa8 Bc5 34. b4 Bd4 35. Kg2 Rc8 36. Be4 e5 37. Rd1 Kg7 38. Rd2 Rf8 39. Qb3 Qf7 40. Qxf7+ Rxf7 41. Rc2 a5 42. bxa5 1/2-1/2

[Event "Beersheba"]
[Site "Beersheba"]
[Date "1996.??.??"]
[Round "3"]
[White "Greenfeld, Alon"]
[Black "Shmuter, Leonid"]
[Result "1/2-1/2"]
[WhiteElo "2560"]
[BlackElo "2490"]
[PlyCount "55"]
[EventDate "1996.03.??"]
[EventType "tourn"]
[EventRounds "11"]
[EventCountry "ISR"]
[EventCategory "10"]
[SourceTitle "CBM 053"]
[Source "ChessBase"]
[SourceDate "1996.08.01"]
[SourceVersion "1"]
[SourceVersionDate "1996.08.01"]
[SourceQuality "1"]

1. d4 d5 2. c4 e6 3. Nf3 c5 4. cxd5 exd5 5. g3 Nf6 6. Bg2 Be7 7. 0-0 0-0 8. Nc3 Nc6 9. Bg5 cxd4 10. Nxd4 h6 11. Be3 Re8 12. Rc1 Bg4 13. h3 Be6 14. Qa4 Qd7 15. Kh2 a6 16. Nxc6 bxc6 17. Rfd1 Rab8 18. b3 Bf5 19. Bf4 Rb6 20. e4 Rb4 21. Qxa6 Nxe4 22. Bxe4 Bxe4 23. a3 Qb7 24. Qxb7 Rxb7 25. Nxe4 dxe4 26. b4 Ra8 27. Rc3 Bf6 28. Rxc6 1/2-1/2

[Event "Czerniak Memorial 12th"]
[Site "Tel Aviv"]
[Date "1996.??.??"]
[Round "5"]
[White "Har Zvi, Ronen"]
[Black "Shmuter, Leonid"]
[Result "1-0"]
[WhiteElo "2510"]
[BlackElo "2490"]
[PlyCount "75"]
[EventDate "1996.04.??"]
[EventType "tourn"]
[EventRounds "11"]
[EventCountry "ISR"]
[EventCategory "9"]
[SourceTitle "CBM 053"]
[Source "ChessBase"]
[SourceDate "1996.08.01"]
[SourceVersion "1"]
[SourceVersionDate "1996.08.01"]
[SourceQuality "1"]

1. e4 c5 2. c3 Nf6 3. e5 Nd5 4. Nf3 d6 5. d4 cxd4 6. cxd4 Nc6 7. Bc4 e6 8. 0-0 Be7 9. Qe2 0-0 10. Qe4 Re8 11. Bd3 g6 12. a3 Bd7 13. Re1 Rc8 14. Nbd2 dxe5 15. dxe5 b5 16. h4 Na5 17. h5 Bc6 18. hxg6 hxg6 19. Qg4 Nf4 20. Bxb5 Bxb5 21. Qxf4 Bd3 22. b4 Nc4 23. Ne4 Bxe4 24. Qxe4 a5 25. bxa5 Qxa5 26. Bg5 Nxe5 27. Qxe5 Rc5 28. Bxe7 Rxe5 29. Nxe5 Rxe7 30. Nc6 Qc7 31. Nxe7+ Qxe7 32. a4 Qa7 33. a5 Qa6 34. Reb1 Kg7 35. Rb6 Qc4 36. a6 Qd4 37. Rbb1 Qa7 38. Rd1 1-0

[Event "Rishon Le Ziyyon"]
[Site "Rishon Le Ziyyon"]
[Date "1996.??.??"]
[Round "6"]
[White "Liss, Eran"]
[Black "Shmuter, Leonid"]
[Result "1-0"]
[WhiteElo "2480"]
[BlackElo "2490"]
[PlyCount "105"]
[EventDate "1996.02.??"]
[EventType "tourn"]
[EventRounds "9"]
[EventCountry "ISR"]
[EventCategory "13"]
[SourceTitle "CBM 053"]
[Source "ChessBase"]
[SourceDate "1996.08.01"]
[SourceVersion "1"]
[SourceVersionDate "1996.08.01"]
[SourceQuality "1"]

1. e4 c5 2. Nf3 d6 3. d4 cxd4 4. Nxd4 Nf6 5. Nc3 Nc6 6. Bg5 Qb6 7. Nb3 e6 8. Qd2 Be7 9. 0-0-0 0-0 10. f3 Rd8 11. Nb5 Rd7 12. Be3 Qd8 13. N5d4 e5 14. Nxc6 bxc6 15. Na5 Qc7 16. Qc3 Bb7 17. Qb4 d5 18. Qxb7 Qxb7 19. Nxb7 Rxb7 20. Ba6 Rc7 21. Bd2 d4 22. c3 c5 23. Kb1 Rb8 24. cxd4 Rc6 25. Bd3 cxd4 26. Rc1 Rbc8 27. Rxc6 Rxc6 28. Rc1 Rxc1+ 29. Kxc1 Ne8 30. Kc2 Kf8 31. Kb3 Nd6 32. Ka4 Bd8 33. f4 f6 34. f5 Ke7 35. b4 Kd7 36. Kb3 Kc6 37. a4 a6 38. g4 g5 39. fxg6 hxg6 40. Be1 f5 41. exf5 gxf5 42. gxf5 a5 43. Bg3 Kd5 44. bxa5 Bxa5 45. f6 Bd8 46. f7 Be7 47. a5 Nc8 48. Bc4+ Kd6 49. a6 Bf8 50. Be1 Kc6 51. Bb4 Nd6 52. a7 Kb7 53. Bc5 1-0

[Event "Czerniak Memorial 12th"]
[Site "Tel Aviv"]
[Date "1996.??.??"]
[Round "10"]
[White "Manor, Ilan"]
[Black "Shmuter, Leonid"]
[Result "1/2-1/2"]
[WhiteElo "2510"]
[BlackElo "2490"]
[PlyCount "159"]
[EventDate "1996.04.??"]
[EventType "tourn"]
[EventRounds "11"]
[EventCountry "ISR"]
[EventCategory "9"]
[SourceTitle "CBM 053"]
[Source "ChessBase"]
[SourceDate "1996.08.01"]
[SourceVersion "1"]
[SourceVersionDate "1996.08.01"]
[SourceQuality "1"]

1. d4 d5 2. c4 e6 3. Nf3 c5 4. cxd5 exd5 5. Nc3 Nc6 6. g3 Nf6 7. Bg2 Be7 8. 0-0 0-0 9. Bg5 cxd4 10. Nxd4 h6 11. Be3 Re8 12. Qa4 Bd7 13. Rad1 Na5 14. Qc2 Qc8 15. Nxd5 Nxd5 16. Bxd5 Qxc2 17. Nxc2 Bh3 18. Bg2 Bg4 19. Nd4 Nc4 20. Bc1 Bf6 21. b3 Rad8 22. h3 Rxd4 23. hxg4 Nb2 24. Bxb2 Rxd1 25. Rxd1 Bxb2 26. Rd2 Bc3 27. Rc2 Rc8 28. Bxb7 Rc7 29. Bd5 Kf8 30. Kg2 Ba5 31. Bc4 Bb4 32. Rc1 Bd2 33. Rh1 Rc6 34. Rh4 g5 35. Rh1 Ke7 36. Rd1 Rd6 37. e3 Bb4 38. Bd5 a5 39. Kf3 Kf8 40. Ke4 Rf6 41. f4 Rd6 42. Kf5 Kg7 43. Ke4 Rd7 44. Kf3 f6 45. e4 Bc5 46. e5 fxe5 47. fxe5 Re7 48. Ke4 Bd6 49. Be6 Bb4 50. Kf5 Rc7 51. Rd8 Ra7 52. Bd5 Be7 53. Rg8+ Kh7 54. Re8 Kg7 55. Bc6 Bb4 56. e6 Bd6 57. Rd8 Bxg3 58. Rd3 Bf2 59. Ke5 Bc5 60. Bd7 Ba3 61. Rf3 Bb2+ 62. Kd6 Ba3+ 63. Kd5 Ra8 64. Rf7+ Kg6 65. Bc6 Rf8 66. Ra7 Rd8+ 67. Ke5 Bd6+ 68. Ke4 Rc8 69. Kd5 Rd8 70. Bd7 Bb4 71. a3 Bxa3 72. Rxa5 Be7 73. Rb5 h5 74. gxh5+ Kxh5 75. Ke5 g4 76. Bc6 Rd1 77. Be4 Kg5 78. Bg2 Re1+ 79. Kd4+ Kf4 80. Rb8 1/2-1/2

[Event "Beersheba"]
[Site "Beersheba"]
[Date "1996.??.??"]
[Round "6"]
[White "Shmuter, Leonid"]
[Black "Tunik, Gennady"]
[Result "0-1"]
[WhiteElo "2490"]
[BlackElo "2475"]
[PlyCount "114"]
[EventDate "1996.03.??"]
[EventType "tourn"]
[EventRounds "11"]
[EventCountry "ISR"]
[EventCategory "10"]
[SourceTitle "CBM 053"]
[Source "ChessBase"]
[SourceDate "1996.08.01"]
[SourceVersion "1"]
[SourceVersionDate "1996.08.01"]
[SourceQuality "1"]

1. e4 c5 2. Nf3 e6 3. d4 cxd4 4. Nxd4 Nc6 5. Nb5 d6 6. c4 Nf6 7. N1c3 a6 8. Na3 Be7 9. Be2 b6 10. 0-0 Bb7 11. Be3 Ne5 12. f4 Ned7 13. Bf3 0-0 14. Qe2 Re8 15. Rfd1 Qc7 16. Rac1 Rac8 17. Bf2 Qb8 18. Bg3 Nf8 19. Kh1 N6d7 20. Nc2 Ng6 21. Ne3 Qa8 22. Nc2 Nf6 23. Nd4 Bf8 24. e5 Bxf3 25. Nxf3 dxe5 26. Nxe5 Bb4 27. Na4 Qb7 28. Qf3 Qxf3 29. gxf3 Bc5 30. Nxc5 bxc5 31. Rd6 a5 32. Nc6 a4 33. Rcd1 h5 34. Bf2 Kh7 35. b3 axb3 36. axb3 Ne7 37. Ne5 Nf5 38. Rb6 Re7 39. Rb5 Rec7 40. Kg2 h4 41. Kf1 Nh5 42. Nd7 Ra8 43. Nxc5 Ra2 44. Ne4 Nxf4 45. Nd6 Nh3 46. Bg1 Nxd6 47. Rxd6 Ra1+ 48. Kg2 Nxg1 49. Rd2 Rc1 50. Rh5+ Kg6 51. Rxh4 f5 52. Rhd4 e5 53. Rd5 Kg5 54. Rxe5 Kf4 55. Re6 Nxf3 56. Rf2 Rg1+ 57. Kh3 g5 0-1

[Event "ISR-chT"]
[Site "Israel"]
[Date "1996.??.??"]
[Round "5"]
[White "Shmuter, Leonid"]
[Black "Vydeslaver, Alik"]
[Result "1-0"]
[WhiteElo "2490"]
[BlackElo "2480"]
[PlyCount "80"]
[EventDate "1996.??.??"]
[EventType "team"]
[EventRounds "11"]
[EventCountry "ISR"]
[SourceTitle "CBM 052 Extra"]
[Source "ChessBase"]
[SourceDate "1996.07.01"]
[SourceVersion "1"]
[SourceVersionDate "1996.07.01"]
[SourceQuality "1"]

1. e4 c5 2. Nf3 d6 3. d4 cxd4 4. Nxd4 Nf6 5. Nc3 Nc6 6. Bg5 e6 7. Qd2 Be7 8. 0-0-0 0-0 9. f4 h6 10. Bh4 Qb6 11. Bf2 Qc7 12. Kb1 a6 13. Bd3 b5 14. Rhe1 Nxd4 15. Bxd4 b4 16. Ne2 e5 17. Be3 d5 18. fxe5 Nxe4 19. Bxe4 dxe4 20. Qd4 Bf5 21. Nf4 Rac8 22. Rd2 Qb7 23. Qb6 Qxb6 24. Bxb6 Rfe8 25. Be3 Bc5 26. Rd5 Bxe3 27. Rxe3 Rcd8 28. Kc1 Rxd5 29. Nxd5 a5 30. c4 bxc3 31. Nxc3 Rxe5 32. h3 Bg6 33. g4 h5 34. Kd2 Kh7 35. Re1 Kh6 36. Ke3 Kg5 37. Rg1 Re8 38. a3 Rb8 39. h4+ Kf6 40. gxh5 Bf5 1-0

[Event "Beersheba"]
[Site "Beersheba"]
[Date "1996.??.??"]
[Round "5"]
[White "Tseitlin, Mark D"]
[Black "Shmuter, Leonid"]
[Result "0-1"]
[WhiteElo "2545"]
[BlackElo "2490"]
[PlyCount "85"]
[EventDate "1996.03.??"]
[EventType "tourn"]
[EventRounds "11"]
[EventCountry "ISR"]
[EventCategory "10"]
[SourceTitle "CBM 053"]
[Source "ChessBase"]
[SourceDate "1996.08.01"]
[SourceVersion "1"]
[SourceVersionDate "1996.08.01"]
[SourceQuality "1"]

1. e4 c5 2. Nf3 d6 3. d4 cxd4 4. Nxd4 Nf6 5. Nc3 Nc6 6. Bg5 Qb6 7. Bb5 Bd7 8. Be3 Ng4 9. Nd5 Nxe3 10. fxe3 Qa5+ 11. b4 Qd8 12. 0-0 Ne5 13. Qh5 g6 14. Qh4 Rc8 15. c4 Bg7 16. Bxd7+ Nxd7 17. Rxf7 Kxf7 18. Rf1+ Bf6 19. Qh3 Ne5 20. Ne6 Qd7 21. Ng5+ Ke8 22. Ne6 Rf8 23. Ndf4 Rf7 24. c5 dxc5 25. bxc5 Rc6 26. Rb1 g5 27. Nd5 g4 28. Qh5 Qxe6 29. Rxb7 Rxc5 30. Rb8+ Kd7 31. Rb1 Qc6 32. Qf5+ e6 33. Nxf6+ Rxf6 34. Qxf6 Rc1+ 35. Rxc1 Qxc1+ 36. Kf2 Qd2+ 37. Kf1 Qc1+ 38. Kf2 Nd3+ 39. Kg3 Qxe3+ 40. Kxg4 Qxe4+ 41. Kg5 h6+ 42. Kh5 Qe2+ 43. g4 0-1

[Event "Rishon Le Ziyyon"]
[Site "Rishon Le Ziyyon"]
[Date "1996.??.??"]
[Round "2"]
[White "Yudasin, Leonid"]
[Black "Shmuter, Leonid"]
[Result "1-0"]
[WhiteElo "2635"]
[BlackElo "2490"]
[PlyCount "75"]
[EventDate "1996.02.??"]
[EventType "tourn"]
[EventRounds "9"]
[EventCountry "ISR"]
[EventCategory "13"]
[SourceTitle "CBM 053"]
[Source "ChessBase"]
[SourceDate "1996.08.01"]
[SourceVersion "1"]
[SourceVersionDate "1996.08.01"]
[SourceQuality "1"]

1. e4 c5 2. Nf3 d6 3. d4 cxd4 4. Nxd4 Nf6 5. Nc3 Nc6 6. Bc4 Qb6 7. Nb3 e6 8. 0-0 Be7 9. Be3 Qc7 10. f4 a6 11. Bd3 b5 12. Qf3 0-0 13. Rae1 Nd7 14. Qh3 Nb4 15. Rf3 Bf6 16. Rg3 g6 17. Rf1 Nxd3 18. cxd3 b4 19. Nd1 Nb6 20. Nf2 Bg7 21. Qh4 f5 22. Rc1 Qb8 23. Rh3 h6 24. exf5 e5 25. Rxc8 Qxc8 26. Bxb6 Rxf5 27. fxe5 Rxe5 28. Ng4 Rh5 29. Nf6+ Bxf6 30. Qxf6 Qe8 31. Re3 Qf7 32. Qxd6 Rf5 33. h3 Re8 34. Rxe8+ Qxe8 35. Bd4 a5 36. Nc5 Qf7 37. Be5 g5 38. Ne4 1-0

[Event "EU-Cup 11th Group4"]
[Site "Tyniste"]
[Date "1995.07.15"]
[Round "1"]
[White "Salai, Ladislav"]
[Black "Shmuter, Leonid"]
[Result "0-1"]
[WhiteElo "2405"]
[BlackElo "2490"]
[PlyCount "82"]
[EventDate "1995.07.15"]
[EventType "team-k.o."]
[EventRounds "3"]
[EventCountry "CZE"]
[SourceTitle "EXT 2020"]
[Source "ChessBase"]
[SourceDate "2019.10.17"]
[SourceVersion "1"]
[SourceVersionDate "2019.10.17"]
[SourceQuality "1"]
[WhiteTeam "Bratislava Slovan"]
[BlackTeam "Rishon Le Zion Hapoel"]
[WhiteTeamCountry "SVK"]
[BlackTeamCountry "ISR"]

1. e4 c5 2. c3 Nf6 3. e5 Nd5 4. d4 cxd4 5. Nf3 d6 6. cxd4 Nc6 7. Bc4 e6 8. 0-0 Be7 9. Qe2 0-0 10. Nc3 Nxc3 11. bxc3 dxe5 12. Nxe5 Nxe5 13. Qxe5 Bd7 14. Bd2 Bc6 15. Rfe1 Rc8 16. Bb3 Bf6 17. Qg3 Bd5 18. Bf4 Qa5 19. Rac1 Bxb3 20. axb3 Rfd8 21. Be5 Bxe5 22. Rxe5 Qa2 23. Rb5 b6 24. Qe3 Qb2 25. Rg5 g6 26. Rg3 Rxd4 27. Re1 Rd7 28. h4 Qxb3 29. h5 Rd1 30. Kh2 Rxe1 31. Qxe1 Qd5 32. h6 Qh5+ 33. Rh3 Qg5 34. Qe4 Rd8 35. f4 Qd5 36. Qe3 Qc5 37. Qe1 a5 38. c4 Qd4 39. Rf3 Kf8 40. Qb1 Ke7 41. g3 Qd2+ 0-1

[Event "Rishon Le Ziyyon YM"]
[Site "Rishon Le Ziyyon"]
[Date "1995.??.??"]
[Round "8"]
[White "Kogan, Artur"]
[Black "Shmuter, Leonid"]
[Result "0-1"]
[WhiteElo "2465"]
[BlackElo "2480"]
[PlyCount "80"]
[EventDate "1995.02.??"]
[EventType "tourn"]
[EventRounds "11"]
[EventCountry "ISR"]
[EventCategory "11"]
[SourceTitle "CBM 046"]
[Source "ChessBase"]
[SourceDate "1995.06.01"]
[SourceVersion "1"]
[SourceVersionDate "1995.06.01"]
[SourceQuality "1"]

1. c4 e5 2. Nc3 Nf6 3. Nf3 Nc6 4. a3 d5 5. cxd5 Nxd5 6. Qc2 Be7 7. e3 a6 8. b4 Nxc3 9. dxc3 Be6 10. Bd3 Bb3 11. Qb1 e4 12. Nd4 Ne5 13. Bxe4 Bc4 14. f4 Ng4 15. Bxb7 0-0 16. Qf5 Rb8 17. Be4 Nf6 18. Nc6 Qe8 19. Nxb8 Nxe4 20. Nd7 Nd6 21. Qh3 Be6 22. Qf3 Bxd7 23. 0-0 Bc6 24. Qh3 f5 25. Ra2 Be4 26. Rd1 Bf6 27. Bd2 Qe6 28. Raa1 Be7 29. Qh5 Rf6 30. Be1 Rg6 31. Bg3 Rg4 32. Rd2 Bf6 33. Rc1 g6 34. Qh6 Nc4 35. Re2 Qd5 36. Kf2 Bxg2 37. e4 Bxe4 38. h3 Rxg3 39. Kxg3 Qd3+ 40. Kf2 Qf3+ 0-1

[Event "Rishon Le Ziyyon YM"]
[Site "Rishon Le Ziyyon"]
[Date "1995.??.??"]
[Round "3"]
[White "Shmuter, Leonid"]
[Black "Sutovsky, Emil"]
[Result "1/2-1/2"]
[WhiteElo "2480"]
[BlackElo "2530"]
[PlyCount "80"]
[EventDate "1995.02.??"]
[EventType "tourn"]
[EventRounds "11"]
[EventCountry "ISR"]
[EventCategory "11"]
[SourceTitle "CBM 046"]
[Source "ChessBase"]
[SourceDate "1995.06.01"]
[SourceVersion "1"]
[SourceVersionDate "1995.06.01"]
[SourceQuality "1"]

1. e4 c5 2. Nf3 Nc6 3. d4 cxd4 4. Nxd4 Nf6 5. Nc3 e5 6. Ndb5 d6 7. Bg5 a6 8. Na3 b5 9. Nd5 Be7 10. Bxf6 Bxf6 11. c3 Bg5 12. Nc2 0-0 13. a4 bxa4 14. Rxa4 Ne7 15. Nxe7+ Qxe7 16. Be2 Bb7 17. 0-0 Qd7 18. Qa1 Bc6 19. Rxa6 Bxe4 20. Nb4 Qe6 21. Rxa8 Bxa8 22. Qa6 Qg6 23. Rd1 Bf4 24. Nc6 Qc2 25. Bf3 e4 26. Qe2 Qxe2 27. Ne7+ Kh8 28. Bxe2 Rb8 29. b4 Be5 30. b5 Re8 31. Nc6 Bxc6 32. bxc6 Rc8 33. Bb5 g6 34. Ra1 Rc7 35. Ra8+ Kg7 36. c4 f5 37. Rb8 Bd4 38. Rb7 Rxb7 39. cxb7 Ba7 40. Bc6 Kf6 1/2-1/2

[Event "Volgograd"]
[Site "Volgograd"]
[Date "1994.??.??"]
[Round "1"]
[White "Savon, Vladimir A"]
[Black "Shmuter, Leonid"]
[Result "1-0"]
[WhiteElo "2435"]
[BlackElo "2460"]
[PlyCount "69"]
[EventDate "1994.??.??"]
[EventType "tourn"]
[EventRounds "13"]
[EventCountry "NED"]
[EventCategory "8"]
[SourceTitle "CBM 041"]
[Source "ChessBase"]
[SourceDate "1994.08.01"]
[SourceVersion "1"]
[SourceVersionDate "1994.08.01"]
[SourceQuality "1"]

1. c4 e5 2. d3 g6 3. g3 Bg7 4. Bg2 Ne7 5. Nc3 c6 6. e4 d6 7. Nge2 0-0 8. 0-0 Be6 9. b3 c5 10. a3 Nbc6 11. Rb1 f5 12. Nd5 Qd7 13. exf5 gxf5 14. b4 cxb4 15. axb4 Bxd5 16. cxd5 Nd4 17. Nxd4 exd4 18. Re1 Nc8 19. Re6 a5 20. bxa5 Rxa5 21. g4 f4 22. Be4 Be5 23. g5 f3 24. Qf1 Rf7 25. Qh3 Ne7 26. Kh1 Qa4 27. Bd2 Qc2 28. Rg1 Qxd2 29. g6 hxg6 30. Rxe7 Rxe7 31. Qc8+ Kh7 32. Bxg6+ Kh6 33. Qf8+ Bg7 34. Qxe7 Qxf2 35. Qg5# 1-0

[Event "Rishon Le Ziyyon"]
[Site "Rishon Le Ziyyon"]
[Date "1994.??.??"]
[Round "6"]
[White "Shmuter, Leonid"]
[Black "Beim, Valery"]
[Result "1/2-1/2"]
[WhiteElo "2470"]
[BlackElo "2545"]
[PlyCount "38"]
[EventDate "1994.11.??"]
[EventType "tourn"]
[EventRounds "11"]
[EventCountry "ISR"]
[EventCategory "11"]
[SourceTitle "CBM 045"]
[Source "ChessBase"]
[SourceDate "1995.04.01"]
[SourceVersion "1"]
[SourceVersionDate "1995.04.01"]
[SourceQuality "1"]

1. e4 d6 2. d4 Nf6 3. Nc3 g6 4. f4 Bg7 5. Nf3 0-0 6. Be3 c5 7. dxc5 Qa5 8. Bd3 dxc5 9. e5 Nd5 10. Bd2 Nxc3 11. Bxc3 Qb6 12. Nd2 Nc6 13. Nc4 Qc7 14. 0-0 Be6 15. Ne3 Rad8 16. Qe1 Nd4 17. Qf2 f6 18. exf6 Bxf6 19. Rae1 b5 1/2-1/2

[Event "Rishon Le Ziyyon"]
[Site "Rishon Le Ziyyon"]
[Date "1994.??.??"]
[Round "8"]
[White "Shmuter, Leonid"]
[Black "Gruenfeld, Yehuda"]
[Result "1-0"]
[WhiteElo "2470"]
[BlackElo "2550"]
[PlyCount "117"]
[EventDate "1994.11.??"]
[EventType "tourn"]
[EventRounds "11"]
[EventCountry "ISR"]
[EventCategory "11"]
[SourceTitle "CBM 045"]
[Source "ChessBase"]
[SourceDate "1995.04.01"]
[SourceVersion "1"]
[SourceVersionDate "1995.04.01"]
[SourceQuality "1"]

1. e4 c5 2. Nf3 d6 3. d4 cxd4 4. Nxd4 Nf6 5. Nc3 a6 6. Bg5 e6 7. f4 Be7 8. Qf3 Qc7 9. 0-0-0 Nbd7 10. g4 b5 11. Bxf6 Nxf6 12. g5 Nd7 13. f5 Bxg5+ 14. Kb1 Ne5 15. Qh5 Qe7 16. Nxe6 Bxe6 17. fxe6 g6 18. exf7+ Kxf7 19. Qe2 Kg7 20. Nd5 Qd8 21. Bh3 Ra7 22. Qg2 Rf8 23. Be6 Bh4 24. Rhf1 Qg5 25. Qh3 Rxf1 26. Qxf1 Nc4 27. Qd3 Qe5 28. Qd4 Qxd4 29. Rxd4 Bg5 30. h3 Nd2+ 31. Ka1 Nf3 32. Rd3 Nd2 33. Rd4 Ra8 34. Nc7 Rf8 35. a3 Rf2 36. Rxd6 Nxe4 37. Rc6 Bd8 38. Nxa6 Ng5 39. Nc7 h5 40. Bc8 Bxc7 41. Rxc7+ Kh6 42. Ka2 Rh2 43. c4 bxc4 44. Rxc4 Nxh3 45. a4 Nf2 46. Rc2 Rh4 47. Rxf2 Rxa4+ 48. Kb3 Ra8 49. Be6 g5 50. Kc4 g4 51. b4 Re8 52. Kd5 g3 53. Rg2 Rb8 54. Kc5 h4 55. b5 Re8 56. Kd6 Rb8 57. Bd7 Kg5 58. Kc7 Rh8 59. b6 1-0

[Event "Volgograd"]
[Site "Volgograd"]
[Date "1994.??.??"]
[Round "5"]
[White "Shmuter, Leonid"]
[Black "Tolstikh, Nikolay"]
[Result "1/2-1/2"]
[WhiteElo "2460"]
[BlackElo "2410"]
[PlyCount "83"]
[EventDate "1994.??.??"]
[EventType "tourn"]
[EventRounds "13"]
[EventCountry "NED"]
[EventCategory "8"]
[SourceTitle "CBM 041"]
[Source "ChessBase"]
[SourceDate "1994.08.01"]
[SourceVersion "1"]
[SourceVersionDate "1994.08.01"]
[SourceQuality "1"]

1. e4 e5 2. Nf3 Nf6 3. Nxe5 d6 4. Nf3 Nxe4 5. d4 d5 6. Bd3 Nc6 7. 0-0 Be7 8. c4 Nb4 9. Be2 Be6 10. Nc3 0-0 11. Be3 f5 12. a3 Nxc3 13. bxc3 Nc6 14. Rb1 Rb8 15. Qa4 f4 16. Bc1 Kh8 17. Re1 dxc4 18. Bxc4 Bg4 19. Be2 a6 20. Qd1 b5 21. d5 Bf5 22. Ra1 Na5 23. Bxf4 Be4 24. Bg3 Rb7 25. a4 Bf6 26. axb5 Bxc3 27. bxa6 Ra7 28. Ra3 Bxe1 29. Qxe1 Nb7 30. Qb4 Nd6 31. Qd4 Ra8 32. a7 Bxf3 33. gxf3 Nf5 34. Qc4 Nxg3 35. hxg3 Qe7 36. Re3 Qf7 37. Qc5 c6 38. Re7 Qxd5 39. Qc3 Rf7 40. Bc4 Qxc4 41. Qxc4 Rxe7 42. Qxc6 1/2-1/2

[Event "Volgograd"]
[Site "Volgograd"]
[Date "1994.??.??"]
[Round "4"]
[White "Shtyrenkov, Veniamen"]
[Black "Shmuter, Leonid"]
[Result "0-1"]
[WhiteElo "2445"]
[BlackElo "2460"]
[PlyCount "88"]
[EventDate "1994.??.??"]
[EventType "tourn"]
[EventRounds "13"]
[EventCountry "NED"]
[EventCategory "8"]
[SourceTitle "CBM 041"]
[Source "ChessBase"]
[SourceDate "1994.08.01"]
[SourceVersion "1"]
[SourceVersionDate "1994.08.01"]
[SourceQuality "1"]

1. e4 c5 2. Nf3 d6 3. d4 cxd4 4. Nxd4 Nf6 5. Nc3 Nc6 6. Bg5 e6 7. Bb5 Bd7 8. Bxc6 bxc6 9. Qf3 Qa5 10. Bxf6 gxf6 11. Qxf6 Rg8 12. Qf3 Rb8 13. Nb3 Qg5 14. 0-0 Qg4 15. Qxg4 Rxg4 16. f3 Rg8 17. Nd1 c5 18. Nd2 Bg7 19. Rb1 a5 20. b3 a4 21. Nc4 Bd4+ 22. Kh1 Ke7 23. Nde3 f5 24. Rbe1 f4 25. Nd1 Bb5 26. c3 Bxc4 27. bxc4 Be5 28. Re2 a3 29. Rc2 Rb1 30. Kg1 Rgb8 31. Kf2 Ra1 32. Ke2 Rbb1 33. Re1 Kd7 34. Kd2 Kc6 35. Ke2 Kc7 36. Kd2 Kc6 37. Ke2 Kc7 38. Kd2 Kb6 39. Rf1 Ka5 40. Re1 h6 41. Ke2 Rc1 42. Rxc1 Rxc1 43. Kd2 Ra1 44. g3 Rxa2+ 0-1